LIBRARY & INFORMATION CENTRE, KCAET, TAVANUR

ONLINE PUBLIC ACCESS CATALOGUE (OPAC)

Voltayar / (Record no. 4403)

MARC details
000 -LEADER
fixed length control field 00523cam a2200193ua 4500
041 ## - LANGUAGE CODE
Language code of text/sound track or separate title mal
082 ## - DEWEY DECIMAL CLASSIFICATION NUMBER
Classification number 928.09
Item number PAR/VO
100 ## - MAIN ENTRY--AUTHOR NAME
Personal name Parameswaran Nair, P K .
245 ## - TITLE STATEMENT
Title Voltayar /
260 ## - PUBLICATION, DISTRIBUTION, ETC. (IMPRINT)
Place of publication Thiruvananthapuram :
Name of publisher Kerala Press ,
Year of publication 1983.
300 ## - PHYSICAL DESCRIPTION
Number of Pages 84 ; .
490 0# - SERIES STATEMENT
Series statement Travancore University Series,
Volume number/sequential designation 17
942 ## - ADDED ENTRY ELEMENTS (KOHA)
Koha item type Books
Holdings
Withdrawn status Lost status Damaged status Home library Current library Date acquired Full call number Accession Number Koha item type
Withdrawn     KAUAET Sanskrit University 07/04/2012 928.09 9362 Books
free website counter